000 00407nam a22001577a 4500
005 20231207102454.0
008 231207b |||||||| |||| 00| 0 eng d
082 _a372.3
_bSIR
100 _aSiraj ul Islam, Hanif Dr.
245 _aMuntakhib Ilmi Makateeb
_hUrdu
250 _a4th ed,
260 _aLahor, Pakistan
_bAl-Meezan
_c2009
300 _a302
650 _aSocial Sciences/Education
999 _c34815
_d34815